00933nam a22001937a 4500003000900000008004100009020001800050040007100068082001500139100002100154245009500175260003700270300002800307440003100335505028600366650002700652650002600679700003400705AR-CdUCM190306b ||||| |||| 00| 0 spa d a968-6642-85-4 aMUNICIPALIDAD PROVINCIAL DEL CUSCOcBIBLIOTECA MUNICIPAL DEL CUSCO a382 /bF35 aFeketekuty, Geza aComercio internacional de servicios :bpanorama general y modelos para las negociaciones / aMéxico, D.F :bGernika,c1990. a380 páginas ;c21 cm. aCoección economía.n10 aContenido: Perspectiva general -- La intangibilidad del comercio de servicios -- Los servicios en la economía mundial -- El cambiante concepto de servicios -- Conceptos, problemas y definiciones -- ¿se aplica la teoría del comercio internacional al comercio de servicios? ... aComercio internacional aEmpresas de servicios aStellino, Ana I. (traductora)